Manual de señalización de tránsito

Guardat en:
Dades bibliogràfiques
Autor corporatiu: Ministerio de Transportes y Telecomunicaciones (Autor)
Format: Llibre
Idioma:espanyol
Publicat: Santiago Ministerio de Transportes y Telecomunicaciones 2000
Matèries:
Etiquetes: Afegir etiqueta
Sense etiquetes, Sigues el primer a etiquetar aquest registre!

MARC

LEADER 00000nam a2200000 a 4500
001 UCN0754
003 CL-VaPUC
008 010330e20000000CL |||||||||||||||||spa|d
082 0 4 |a 388.312  |b MIN  |2 21 
110 2 |a Ministerio de Transportes y Telecomunicaciones  |e author  |9 455963 
245 1 0 |a Manual de señalización de tránsito 
300 |a 242 p 
942 |c BK 
945 |d 20010330 00:00:00  |a vberengu 
260 |a Santiago  |b Ministerio de Transportes y Telecomunicaciones  |c 2000 
500 |a Incluye actualización del capítulo 2: Señales Verticales 
650 7 |a SEÑALES DE TRANSITO  |2 CL-VaPUC  |9 455964 
650 0 |a Tráfico  |9 263653 
650 0 |a Transporte urbano  |9 260307 
583 |a last modification  |c 20010330 00:00:00  |k Rodrigo Vera 
999 |c 294383  |d 294381 
952 |0 0  |1 0  |4 0  |6 388_312000000000000_MIN_2000  |7 0  |8 F  |9 346677  |a BIBING  |b BIBING  |d 2019-11-20  |i 370632K  |o 388.312 MIN 2000  |p 370632K  |r 2025-01-20  |w 2019-11-20  |y BK_F  |k TRA 
952 |0 0  |1 0  |4 0  |6 388_312000000000000_MIN_2000  |7 0  |8 F  |9 346678  |a BIBING  |b BIBING  |d 2019-11-20  |i 397006K  |o 388.312 MIN 2000  |p 397006K  |r 2025-01-20  |w 2019-11-20  |y BK_F  |k TRA 
952 |0 0  |1 0  |4 0  |6 388_312000000000000_MIN_2000  |7 0  |8 F  |9 346679  |a BIBING  |b BIBING  |d 2019-11-20  |i 3970078  |o 388.312 MIN 2000  |p 3970078  |r 2025-01-20  |w 2019-11-20  |y BK_F  |k TRA